01182naa a22002171i 45000010005000000030009000050050017000140080041000310400021000720800010000930800010001031000173001132450133002865000026004196500012004456500024004576550030004817000167005117110111006787730175007895677KOSZ 00520180426100642.0140314s1992 pl f |100 0 pol d cBPKaKOSZ 005/ac a628.4 a661.81 aSZYMAŃSKI, Kazimierz.d1970 - 1996.bWyższa Szkoła Inżynierska w Koszalinie - Wydział Inżynierii Lądowej i Sanitarnej,cZakład Biologii i Chemii Sanitarnej10aOcena zdolności sorpcyjnych bentonitu na przykładzie wybranych metali ciężkich /cKazimierz Szymański, Robert Sidełko. aDane z kartoteki bpp. 0aOdpady. 0aMetale ciężkie. 0aMateriały konferencyjne.1 aSIDEŁKO, Robert.d1989 - 1996.bWyższa Szkoła Inżynierska w Koszalinie - Wydział Inżynierii Lądowej i Sanitarnej,cZakład Biologii i Chemii Sanitarnej22aKonferencja Naukowo-Techniczna "Gospodarka odpadami komunalnymi"d(1992 ;cKoszalin / Kołobrzeg, Polska).0 iW :tGospodarka Odpadami Komunalnymi : Konferencja Naukowo-Techniczna : materiały. -dKoszalin : Wydaw. Uczelniane Wyższej Szkoły Inżynierskiej, 1992. -gs. 187-197